| 000 | 01176nam a2200289 i 4500 | ||
|---|---|---|---|
| 001 | 5869 | ||
| 003 | ES-MaACL | ||
| 005 | 20230906144718.0 | ||
| 007 | t| | ||
| 008 | 890601s1989 sp a c |||| | spa d | ||
| 020 | _a84-7498-321-5 | ||
| 080 | _a633.8(467.4) | ||
| 100 | 1 |
_aAlcaraz Ariza, Francisco José. _919513 |
|
| 245 | 1 | 0 |
_aCatálogo de las plantas aromáticas, condimentarias y medicinales de la región de Murcia / _cFrancisco José Alcaraz Ariza, Pedro Sánchez Gómez, Enrique Correal Castellanos. |
| 260 |
_aMadrid : _bInstituto Nacional de Investigaciones Agrarias, _c1989. |
||
| 300 |
_a156 p. : _bil. ; _c24 cm. |
||
| 490 | 1 |
_aMonografías I.N.I.A. ; _v67 |
|
| 504 | _aBibliografía: p. 151-154. | ||
| 505 | 8 |
_aContiene: ; _tCaracterización del medio ; _tCatálogo de la familia labiadas |
|
| 650 | 1 | 4 |
_aLabiadas- _zMurcia (Comunidad Autónoma)- _vCatálogos. _914044 |
| 700 | 1 |
_aSánchez Gómez, Pedro. _9102681 |
|
| 700 | 1 |
_aCorreal Castellanos, Enrique. _940763 |
|
| 710 | 2 |
_aInstituto Nacional de Investigaciones Agrarias (España) _95168 |
|
| 830 | 0 |
_aMonografías I.N.I.A. ; _v67 _9177538 |
|
| 852 |
_aES-MaACL _jL-12884 |
||
| 999 |
_c5869 _d5869 |
||